One Piece 500 Personnages sans Indices - Statistiques

Statistiques générales
  • Ce quiz a été pris 208 fois
  • Le résultat moyen est 227 sur 500
Statistiques - réponses
Numéro Réponse % Correct
1 Monkey D. Luffy
97%
3 Nami
96%
2 Roronoa Zoro
96%
5 Vinsmoke Sanji
94%
7 Nico Robin (Miss Allsunday)
93%
4 Usopp
93%
6 Tony Tony Chopper
92%
9 Brook
91%
8 Franky (Cutty Flam)
91%
10 Jinbe
89%
17 Shanks
89%
13 Gol D. Roger
87%
30 Portgas D. Ace
87%
77 Kaidou / Kaidô
86%
48 Charlotte Linlin (Big Mom)
85%
28 Edward Newgate (Barbe Blanche)
85%
37 Marshall D. Teach (Barbe Noire)
85%
98 Trafalgar D. Water Law
85%
93 Baggy / Buggy
84%
114 Crocodile (Mr. 0)
84%
131 Donquixote Doflamingo
84%
189 Monkey D. Garp
84%
172 Sabo
84%
184 Sakazuki (Akainu)
83%
148 Bartholomew Kuma
82%
160 Boa Hancock
82%
29 Marco
82%
351 Nefertari D. Vivi (Miss Wednesday)
82%
186 Borsalino (Kizaru)
81%
103 Eustass Kid
81%
171 Monkey D. Dragon
81%
49 Charlotte Katakuri
80%
149 Gecko Moria
80%
185 Kuzan (Aokiji)
80%
183 Sengoku
80%
14 Silvers Rayleigh
80%
275 Arlong
79%
117 Bentham (Mr. 2 Bonclay)
79%
78 Arber (King)
78%
113 Mihawk
77%
191 Smoker
77%
111 Jewelry Bonney
76%
104 Killer
76%
196 Koby
76%
468 Kouzuki Momonosuke
76%
20 Yasopp
76%
454 Carrot
75%
466 Kouzuki Oden
75%
350 Nefertari D. Cobra
75%
242 Rob Lucci
75%
79 Scien (Queen)
75%
118 Galdino (Mr. 3)
74%
80 Jack
74%
150 Perona
74%
107 X Drake
74%
115 Daz Bonez (Mr. 1)
73%
173 Emporio Ivankov
73%
187 Issho (Fujitora)
73%
211 Vegapunk
73%
105 Basil Hawkins
72%
18 Benn Beckman / Ben Beckmann
72%
26 Gab
72%
243 Kaku
72%
120 Babe (Mr. 4)
71%
147 Caesar Clown / César
71%
285 Enel / Ener
71%
197 Helmeppo / Hermep
71%
19 Lucky Roux / Lucky Roo
71%
15 Scopper Gaban
71%
112 Urouge
71%
94 Alvida
69%
108 Capone Bege
69%
16 Crocus
69%
123 Gem (Mr. 5)
69%
225 Imu
69%
414 Shirahoshi
69%
99 Bepo
68%
31 Jozu / Joz
68%
471 Kinemon
68%
135 Pica
68%
51 Charlotte Cracker
67%
62 Charlotte Pudding
67%
353 Igaram (Mr. 8)
67%
493 Rocks D. Xebec
67%
345 Dorry
66%
276 Hatchan / Octy
66%
125 Mr. 7
66%
106 Scratchmen Apoo
66%
192 Tashigi
66%
151 Absalom
65%
50 Charlotte Smoothie
65%
132 Donquixote Rosinante (Corazon)
65%
489 Loki
65%
201 Morgan
65%
409 Neptune
65%
455 Pedro
65%
39 Shiryu / Shiliew
65%
290 Yama
65%
346 Brogy
64%
406 Curly Dadan
64%
174 Inazuma
64%
244 Kalifa
64%
269 Kuro
64%
431 Bartolomeo
63%
56 Charlotte Brûlée
63%
134 Diamante
63%
273 Gin
63%
38 Jesus Burgess
63%
180 Koala
63%
272 Krieg
63%
259 Magellan
63%
128 Mr. 9
63%
426 Rebecca
63%
33 Vista
63%
280 Wapol
63%
43 Catarina Devon
62%
379 Icebarg / Iceburg
62%
311 Rock
62%
133 Trebol
62%
485 Yamato
62%
337 Zeff
62%
143 Baby 5
61%
301 Hody Jones
61%
246 Jabra / Jabura
61%
226 Jaygarcia Saturn
61%
495 John
61%
182 Kong
61%
42 Laffitte
61%
154 Oars / Oz
61%
424 Riku Viola (Violette)
61%
84 Ulti
61%
461 Vinsmoke Niji
61%
188 Aramaki (Ryokugyu)
60%
340 Bell-mère / Belmer
60%
245 Blueno
60%
53 Charlotte Perospero
60%
270 Sham
60%
153 Shimotsuki Ryuma
60%
251 Stussy
60%
480 Tama
60%
190 Tsuru
60%
40 Van Augur
60%
41 Avalo Pizarro
59%
65 Charlotte Lola / Laura
59%
317 Kurozumi Kanjuro
59%
354 Pell
59%
383 Tom
59%
457 Vinsmoke Judge
59%
82 Black Maria
58%
162 Boa Marigold
58%
161 Boa Sandersonia
58%
55 Charlotte Oven
58%
166 Gloriosa
58%
11 Going Merry / Vogue Merry
58%
34 Izou / Izô
58%
316 Kurozumi Orochi
58%
427 Kyros
58%
321 Makino
58%
453 Nekomamushi
58%
85 Page One
58%
210 Sentomaru
58%
241 Spandam
58%
283 Bellamy
57%
46 Doc Q
57%
330 Merry
57%
494 Shiki
57%
32 Thatch
57%
459 Vinsmoke Reiju
57%
462 Vinsmoke Yonji
57%
181 Hack
56%
349 Hiluluk / Hiriluk
56%
329 Kaya
56%
227 Marcus Mars
56%
124 Mikita (Miss Valentine)
56%
205 Momonga
56%
342 Nojiko
56%
12 Thousand Sunny
56%
81 Who's Who
56%
429 Cavendish
55%
434 Chinjao
55%
475 Denjiro (Kyoshiro)
55%
193 Hina
55%
452 Inuarashi
55%
194 Jango
55%
344 Laboon
55%
439 Leo
55%
146 Monet
55%
432 Sai
55%
44 Sanjuan Wolf
55%
96 Cabaji
54%
420 Fisher Tiger
54%
27 Rockstar
54%
402 Shakuyaku (Shakky)
54%
460 Vinsmoke Ichiji
54%
169 Edward Weevil / Weeble
53%
232 Figarland Shamrock
53%
443 Hajrudin
53%
152 Hogback
53%
473 Kikunojo
53%
83 Sasaki
53%
307 Vander Decken IX
53%
136 Vergo
53%
176 Belo Betty
52%
144 Buffalo
52%
54 Charlotte Daifuku
52%
58 Charlotte Mont-d'Or
52%
142 Dellinger
52%
121 Drophy (Miss Merrychristmas)
52%
291 Foxy
52%
467 Kouzuki Toki
52%
141 Lao G
52%
410 Otohime
52%
423 Riku Doldo III
52%
137 Sugar
52%
45 Vasco Shot
52%
64 Charlotte Chiffon
51%
469 Kouzuki Hiyori (Komurasaki)
51%
380 Paulie
51%
217 York
51%
397 Jaguar D. Saul / Haguar D. Sauro
49%
178 Karasu
49%
127 Miss Monday
49%
100 Penguin
49%
347 Dolton / Dalton
48%
231 Figarland Garling
48%
348 Kureha
48%
36 Little Oars Jr. / Little Oz Jr.
48%
119 Marianne (Miss Goldenweek)
48%
377 Mont Blanc Norland
48%
129 Mr. 13
48%
67 Pekoms
48%
472 Raizo
48%
47 Stronger
48%
368 Wyper
48%
116 Zala (Miss Doublefinger)
48%
73 Zeus
48%
278 Chew / Smack
47%
248 Fukurou / Fukurô
47%
487 Harald
47%
213 Lilith
47%
95 Mohji / Morge
47%
175 Morley
47%
97 Richie
47%
139 Senor Pink
47%
212 Shaka
47%
52 Charlotte Snack
46%
214 Edison
46%
260 Hannyabal
46%
440 Mansherry / Manshelly
46%
71 Napoleon
46%
396 Nico Olvia
46%
35 Squard / Squardo
46%
474 Ashura Doji (Shutenmaru)
45%
399 Camie / Keimi
45%
352 Chaka
45%
57 Charlotte Amande
45%
395 Clou D. Clover
45%
375 Kalgara
45%
476 Kawamatsu
45%
177 Lindbergh
45%
195 Fullbody
44%
138 Giolla / Jora
44%
145 Gladius
44%
498 Joy Boy
44%
384 Kokoro
44%
313 Morgans
44%
332 Ninjin / Carotte
44%
331 Piiman / Piment
44%
72 Prometheus / Prométhée
44%
324 Shimotsuki Kuina
44%
333 Tamanegi / Oignon
44%
456 Wanda
44%
74 Hera
43%
360 Mont Blanc Cricket
43%
400 Pappag
43%
274 Pearl
43%
215 Pythagoras / Pythagore
43%
425 Riku Scarlett
43%
298 Caribou
42%
59 Charlotte Opera
42%
68 Tamago
42%
228 Topman Warcury
42%
216 Atlas
41%
236 Charlos
41%
411 Fukaboshi
41%
358 Koza
41%
247 Kumadori
41%
140 Machvise
41%
130 Miss Friday
41%
286 Ohm
41%
88 Speed
41%
458 Vinsmoke Sora
41%
365 Conis
40%
341 Genzo
40%
435 Ideo
40%
355 Karoo / Kaloo
40%
204 T Bone
40%
61 Charlotte Flampe
39%
299 Coribou
39%
229 Ethanbaron V. Nusjuro
39%
328 Gaimon
39%
102 Jean Bart
39%
277 Kuroobi
39%
497 Kyo (Hache d'Argent)
39%
261 Sadi
39%
230 Shepherd Ju Peter
39%
179 Ginny
38%
335 Johnny
38%
413 Manboshi
38%
233 Manmayer Gunko
38%
364 Pierre
38%
66 Streusen
38%
479 Toko
38%
326 Chouchou
37%
363 Gan Fall / Gan Forr
37%
256 Nero
37%
478 Shimotsuki Yasuie
37%
288 Gedatsu
36%
284 Sarquiss
36%
289 Satori
36%
109 Vito
36%
421 Aladine / Aladdin
35%
401 Duval
35%
87 Holdem
35%
477 Shinobu
35%
295 Bluejam
34%
315 Carmel
34%
361 Masira
34%
279 Momoo / Meuh-Meuh
34%
287 Shura
34%
483 Hyougoro / Hyôgoro
33%
412 Ryuboshi
33%
155 Victoria Cindry
33%
60 Charlotte Galette
32%
390 Kiwi
32%
262 Saldeath
32%
362 Shoujou / Shôjô
32%
308 Wadatsumi
32%
336 Yosaku
32%
433 Boo
31%
271 Buchi
31%
309 Chadros Higelyges (Barbe Brune)
31%
122 Lassoo
31%
163 Marguerite / Margareth
31%
264 Minotaurus / Minotaure
31%
393 Oimo
31%
448 Orlumbus
31%
366 Pagaya
31%
373 Aisa
29%
165 Aphelandra
29%
209 Bastille
29%
436 Blue Gilly
29%
385 Chimney
29%
268 Higuma
29%
338 Patty
29%
101 Shachi
29%
234 Shepherd Sommers
29%
257 Wanze
29%
405 Heracles
28%
126 Miss Father's Day
28%
500 Pandaman
28%
220 S-Bear
28%
219 S-Hawk
28%
221 S-Shark
28%
218 S-Snake
28%
388 Zambai
28%
300 Demalo Black
27%
263 Domino
27%
322 Hoop Slap / Woop Slap
27%
208 John Giant
27%
415 Megalo
27%
267 Minozebra / Minozèbre
27%
389 Mozu
27%
292 Porche
27%
463 Pound
27%
255 Spandine
27%
170 Buckingham Stussy (Miss Buckin)
26%
249 Hattori
26%
394 Kashii
26%
23 Limejuice
26%
202 Nezumi
26%
499 Nika
26%
372 Raki / Laki
26%
391 Sodom
26%
359 Toto
26%
387 Yokozuna
26%
339 Carne
25%
281 Chess
25%
239 Donquixote Mjosgard / Myosgard
25%
320 Fukurokuju
25%
250 Funkfreed
25%
293 Hamburg
25%
464 Jarul / Jarl
25%
265 Minokoala
25%
266 Minorhinoceros
25%
22 Monster
24%
484 Onimaru (Gyukimaru)
24%
235 Rimoshifu Killingham
24%
419 Surume / Surimi
24%
207 Doberman
23%
386 Gonbe
23%
465 Jorul / Jorl
23%
156 Kumashi / Kumacy
23%
430 Suleiman
23%
437 Abdullah
22%
24 Building Snake
22%
63 Charlotte Praline
22%
110 Gotti
22%
381 Peeply Lulu
22%
446 Road
22%
164 Sweet Pea
22%
382 Tilestone
22%
398 Yorki
22%
69 Bobbin
21%
486 Emet / Emeth
21%
447 Gerd
21%
392 Gomorrah / Gomorrhe
21%
76 Kingbaum
21%
319 Kurozumi Semimaru
21%
403 Portgas D. Rouge
21%
198 Prince Grus
21%
370 Braham
20%
304 Daruma
20%
200 Hibari
20%
441 Kabu
20%
369 Kamakiri
20%
296 Porchemy
20%
312 Scotch
20%
297 Sterry / Stelly
20%
89 Babanuki
19%
449 Elizabello II
19%
199 Kujaku
19%
282 Kuromarimo
19%
422 Mocha
19%
222 S-Flamingo
19%
310 Smiley
19%
492 Colon / Koron
18%
318 Kurozumi Higurashi
18%
206 Onigumo
18%
168 Salome
18%
224 S-Crocodile
18%
302 Zeo
18%
334 Banchina
17%
327 Boodle
17%
25 Hongo
17%
306 Hyouzou / Hyôzô
17%
438 Jeet
17%
470 Kouzuki Sukiyaki (Tenguyama Hitetsu)
17%
417 Ministre de la Droite
17%
416 Ministre de la Gauche
17%
491 Ripley
17%
237 Rosward
17%
418 Shyarly
17%
294 Disco
16%
252 Guernika
16%
92 Hanafuda
16%
343 Ipponmatsu
16%
356 Matsuge / Longs-Cils
16%
323 Rika
16%
223 S-Gekko
16%
378 Tonjit
16%
240 Donquixote Homing
15%
374 Nola / Nora
15%
496 Ochoku
15%
86 Sheepshead
15%
325 Shimotsuki Koushirou / Kôshirô
15%
444 Stansen
15%
482 Tsurujo
15%
21 Bonk Punch
14%
70 Diesel
14%
303 Dosun
14%
445 Goldberg
14%
376 Mousse
14%
75 Randolph
14%
258 Baskerville (Bas, And, Kerville)
13%
159 Hildon
13%
481 Komachiyo
13%
367 McKinley
12%
450 Dagama
11%
407 Dogra
11%
488 Ida
11%
305 Ikaros Much
11%
408 Magra
11%
238 Shalria / Sharlia
11%
203 Brannew
9%
428 Gatz
9%
451 Ucy / Bully
9%
90 Daifugo
8%
404 Haredas
8%
253 Joseph
8%
314 Lu Feld / Du Feld
8%
254 Maha
8%
442 Wicca
8%
490 Ange
7%
91 Bao Huang
7%
371 Genbo
7%
357 Hasami / Pincemi
7%
158 Inuppe
7%
157 Jigoro
7%
167 Tritoma / Toritoma
6%
Aucun quiz correspondant
Distribution des résultats
% des personnes avec chaque résultat
Percentile par nombre de réponses
Votre historique - résultats
Vous n’avez pas pris ce quiz